[Event "Internationaal Jeugdtoernooi Limburg 4"]
[Site "Maastricht"]
[Date "1998.07.19"]
[Round "7"]
[White "Gommers, Olga"]
[Black "Magalhaes, Pedro"]
[Result "1-0"]
[WhiteElo "1686"]
[BlackElo "1900"]
[PlyCount "71"]
[EventDate "1998.07.16"]
[EventType "swiss"]
[EventRounds "7"]
[EventCountry "NED"]
[Source "P.Boonen"]
[SourceDate "2009.01.01"]

1. e4 c5 2. Nf3 d6 3. d4 cxd4 4. Nxd4 Nf6 5. Nc3 a6 6. Be2 e6 7. O-O b5 8. a3
Bb7 9. Bf3 Qc7 10. Re1 Be7 11. Qe2 Nbd7 12. Bg5 O-O 13. Rad1 Rac8 14. Rd2 Nb6
15. Rb1 Nc4 16. Rdd1 Nxa3 17. Ra1 Nc4 18. Ra2 Qc5 19. Be3 Nxe3 20. Qxe3 Nd7 21.
Nce2 Bg5 22. Qb3 Nb6 23. c3 Nc4 24. Qc2 Rfd8 25. Nb3 Qe5 26. Ned4 d5 27. exd5
exd5 28. Bg4 Rc7 29. Nf3 Qe4 30. Qxe4 dxe4 31. Nxg5 Rxd1+ 32. Bxd1 Rd7 33. Be2
h6 34. Nh3 Bd5 35. Nd4 b4 36. Nf4 1-0

[Event "Internationaal Jeugdtoernooi Limburg 4"]
[Site "Maastricht"]
[Date "1998.07.19"]
[Round "7"]
[White "Heltzel, Joost"]
[Black "Berresheim, Helmut"]
[Result "0-1"]
[WhiteElo "1881"]
[BlackElo "2215"]
[PlyCount "92"]
[EventDate "1998.07.16"]
[EventType "swiss"]
[EventRounds "7"]
[EventCountry "NED"]
[Source "P.Boonen"]
[SourceDate "2009.01.01"]

1. e4 c5 2. Nc3 Nc6 3. Nge2 e6 4. g3 Nge7 5. Bg2 d6 6. d3 Nd4 7. Be3 Nec6 8.
O-O g6 9. Qd2 Bg7 10. Nf4 O-O 11. Nd1 Ne5 12. f3 b5 13. Rb1 a5 14. c3 Ndc6 15.
Nf2 b4 16. N4h3 Ne7 17. Bh6 Bxh6 18. Qxh6 f6 19. Qe3 N5c6 20. f4 Kg7 21. Kh1 e5
22. Ng1 Bd7 23. Nf3 Qb6 24. Nd2 Rab8 25. Nc4 Qc7 26. Qc1 Rb7 27. Nd1 a4 28.
Nde3 Rbb8 29. a3 Na5 30. Nxa5 Qxa5 31. cxb4 cxb4 32. Qd2 Qa6 33. Rfc1 bxa3 34.
bxa3 Rb3 35. Nc4 Rfb8 36. Rxb3 axb3 37. Rb1 Be6 38. Qa5 Bxc4 39. Qc7 Rb7 40.
Qxc4 Qxa3 41. Qc3 Qa2 42. Qb2 Rc7 43. Bf1 Rc2 44. Qxa2 bxa2 45. Ra1 Rb2 46. Kg1
Nc6 0-1

[Event "Internationaal Jeugdtoernooi Limburg 4"]
[Site "Maastricht"]
[Date "1998.07.19"]
[Round "7"]
[White "Holtackers, Daan"]
[Black "Schilperoort, Jeroen"]
[Result "1-0"]
[WhiteElo "1855"]
[BlackElo "1704"]
[PlyCount "43"]
[EventDate "1998.07.16"]
[EventType "swiss"]
[EventRounds "7"]
[EventCountry "NED"]
[Source "P.Boonen"]
[SourceDate "2009.01.01"]

1. Nf3 d5 2. g3 Nf6 3. Bg2 e6 4. d4 c5 5. O-O Nc6 6. c3 Bd7 7. dxc5 Bxc5 8. b4
Bd6 9. Bb2 O-O 10. Nbd2 Rc8 11. Re1 Ne5 12. Qb3 Qb6 13. a4 Nfg4 14. Nd4 Nc4 15.
Nxc4 Rxc4 16. a5 Qd8 17. h3 Ne5 18. f4 Nc6 19. Nb5 Bxb4 20. cxb4 Rxb4 21. Qc3
Qf6 22. Qxb4 1-0

[Event "Internationaal Jeugdtoernooi Limburg 4"]
[Site "Maastricht"]
[Date "1998.07.19"]
[Round "7"]
[White "Kipper, Jens"]
[Black "Van Gemen, Felix"]
[Result "1-0"]
[WhiteElo "2210"]
[BlackElo "1686"]
[PlyCount "45"]
[EventDate "1998.07.16"]
[EventType "swiss"]
[EventRounds "7"]
[EventCountry "NED"]
[Source "P.Boonen"]
[SourceDate "2009.01.01"]

1. Nf3 Nf6 2. c4 c5 3. Nc3 Nc6 4. d4 cxd4 5. Nxd4 e6 6. g3 d5 7. cxd5 Nxd5 8.
Bg2 Bb4 9. O-O O-O 10. Nxd5 exd5 11. Nc2 Bf5 12. Ne3 Be4 13. Nxd5 Bxg2 14. Kxg2
Qa5 15. Bf4 Rfd8 16. e4 Qb5 17. Qb3 a5 18. Rad1 a4 19. Qd3 Qxd3 20. Rxd3 Bc5
21. Rfd1 b5 22. a3 b4 23. axb4 1-0

[Event "Internationaal Jeugdtoernooi Limburg 4"]
[Site "Maastricht"]
[Date "1998.07.19"]
[Round "7"]
[White "Muris, Paul"]
[Black "Van Gils, Philip"]
[Result "1/2-1/2"]
[WhiteElo "1596"]
[BlackElo "1740"]
[PlyCount "102"]
[EventDate "1998.07.16"]
[EventType "swiss"]
[EventRounds "7"]
[EventCountry "NED"]
[Source "P.Boonen"]
[SourceDate "2009.01.01"]

1. e4 e6 2. Nc3 d5 3. exd5 exd5 4. d3 c6 5. Nf3 Bg4 6. Be2 Nd7 7. Bf4 Ngf6 8.
h3 Bxf3 9. Bxf3 Be7 10. O-O O-O 11. Ne2 Nc5 12. Nd4 Bd6 13. Bg5 h6 14. Be3 Qd7
15. c3 Rae8 16. b4 Na6 17. Qa4 Re7 18. Nb3 Be5 19. Nc5 Nxc5 20. Bxc5 Bd6 21.
Bxd6 Qxd6 22. Qxa7 b5 23. Qd4 Rfe8 24. a3 Nd7 25. Kh1 Qg6 26. Rg1 f5 27. Qh4
Ne5 28. Bh5 Qd6 29. Bxe8 Rxe8 30. Rge1 Re6 31. Qf4 Nxd3 32. Qxd6 Rxd6 33. Re2
Nf4 34. Rd2 Rg6 35. f3 Re6 36. Kh2 g5 37. a4 bxa4 38. Rxa4 Ne2 39. Ra3 Re3 40.
Rb3 Nxc3 41. Ra3 Kf7 42. Ra7+ Kf6 43. Rh7 Kg6 44. Rc7 Re6 45. Rc2 d4 46. Rd2
Rd6 47. Rxd4 Rxd4 48. Rxc6+ Kg7 49. Rxc3 Rxb4 50. Rc7+ Kg6 51. Rc6+ Kg7 1/2-1/2

[Event "Internationaal Jeugdtoernooi Limburg 4"]
[Site "Maastricht"]
[Date "1998.07.19"]
[Round "7"]
[White "Tangelder, Yonne"]
[Black "Muris, Saskia"]
[Result "1/2-1/2"]
[WhiteElo "1641"]
[BlackElo "1673"]
[PlyCount "38"]
[EventDate "1998.07.16"]
[EventType "swiss"]
[EventRounds "7"]
[EventCountry "NED"]
[Source "P.Boonen"]
[SourceDate "2009.01.01"]

1. e4 e6 2. d4 d5 3. Nd2 c5 4. exd5 exd5 5. Ndf3 c4 6. g3 Nf6 7. Bg2 Be6 8. Ne2
Nc6 9. O-O Bd6 10. Re1 O-O 11. Bf4 Bb4 12. c3 Ba5 13. Bg5 h6 14. Bxf6 Qxf6 15.
Nf4 Bc7 16. Ne5 Nxe5 17. dxe5 Bxe5 18. Nh5 Qf5 19. g4 Qg5 1/2-1/2

[Event "Internationaal Jeugdtoernooi Limburg 4"]
[Site "Maastricht"]
[Date "1998.07.19"]
[Round "7"]
[White "Van Otten, Gerard J"]
[Black "Solleveld, Maarten"]
[Result "1/2-1/2"]
[WhiteElo "1816"]
[BlackElo "2265"]
[PlyCount "37"]
[EventDate "1998.07.16"]
[EventType "swiss"]
[EventRounds "7"]
[EventCountry "NED"]
[Source "P.Boonen"]
[SourceDate "2009.01.01"]

1. e4 e5 2. Nf3 Nc6 3. Bb5 a6 4. Ba4 Nf6 5. O-O Be7 6. Re1 b5 7. Bb3 d6 8. c3
O-O 9. h3 Bb7 10. d4 Re8 11. Nbd2 Bf8 12. d5 Nb8 13. Nf1 Nbd7 14. N3h2 Nc5 15.
Bc2 c6 16. dxc6 Bxc6 17. Bg5 Be7 18. Ng3 g6 19. Ng4 1/2-1/2

[Event "Internationaal Jeugdtoernooi Limburg 4"]
[Site "Maastricht"]
[Date "1998.07.19"]
[Round "7"]
[White "Vinck, Martin"]
[Black "Hanouna, Dan"]
[Result "1-0"]
[WhiteElo "1835"]
[BlackElo "1954"]
[PlyCount "65"]
[EventDate "1998.07.16"]
[EventType "swiss"]
[EventRounds "7"]
[EventCountry "NED"]
[Source "P.Boonen"]
[SourceDate "2009.01.01"]

1. e4 d5 2. exd5 Nf6 3. d4 Bg4 4. Nf3 Nxd5 5. Be2 e6 6. O-O Be7 7. Re1 O-O 8.
Nbd2 c5 9. Nb3 cxd4 10. Nbxd4 Nd7 11. h3 Bh5 12. Bd3 Rc8 13. c3 Nc5 14. Bc2 Bf6
15. Bd2 Qc7 16. Nb3 Rfd8 17. Nxc5 Qxc5 18. Bxh7+ Kf8 19. Be4 Nf4 20. Qc2 Qc7
21. Bxf4 Qxf4 22. Qc1 Qc7 23. g4 Bg6 24. Bxg6 fxg6 25. Ng5 Bxg5 26. Qxg5 Kf7
27. Re3 Qc6 28. Rae1 Rd6 29. Qf4+ Kg8 30. Rf3 Qa6 31. Qf7+ Kh7 32. Rf6 e5 33.
Qxg6+ 1-0